000 00204nam a22000857a 4500
008 170203b xxu||||| |||| 00| 0 eng d
100 _92749
_aCBSE
245 _aEntre Jeunes-2-X
260 _aNew Delhi
_bCBSE
_c2010
999 _c5934
_d5934